Country Demonyms With A Map - Statistics

General Stats
  • This quiz has been taken 11 times
  • The average score is 134 of 196
Answers on the Map
Answers color-coded by a green-red scale on the quiz's map according to % correct below.
 
Answer Stats
Demonym % Correct
American
100%
British
100%
Canadian
100%
French
100%
Icelandic
100%
Irish
100%
Brazilian
91%
Danish
91%
Dutch
91%
German
91%
Mexican
91%
Nigerian
91%
Nigerien
91%
Russian
91%
Swedish
91%
Algerian
82%
Angolan
82%
Argentine /Argentinian
82%
Australian
82%
Austrian
82%
Belgian
82%
Chilean
82%
Chinese
82%
Colombian
82%
Congolese
82%
Croatian
82%
Cuban
82%
Djiboutian
82%
Ecuadorian
82%
Egyptian
82%
Ethiopian
82%
Finnish
82%
Greek
82%
Guatemalan
82%
Indian
82%
Indonesian
82%
Iranian
82%
Iraqi
82%
Israeli
82%
Italian
82%
Jamaican
82%
Japanese
82%
Jordanian
82%
Kenyan
82%
Libyan
82%
Malawian
82%
Malian
82%
Moroccan
82%
Namibian
82%
New Zealander /Kiwi
82%
Nicaraguan
82%
North Korean
82%
Norwegian
82%
Omani
82%
Papua NewGuinean / Papuan
82%
Paraguayan
82%
Peruvian
82%
Portuguese
82%
Saudi /Saudi Arabian
82%
Senegalese
82%
Serbian
82%
Slovakian
82%
Slovenian
82%
Somali /Somalian
82%
South African
82%
South Korean
82%
South Sudanese
82%
Sudanese
82%
Tanzanian
82%
Turkish
82%
Uruguayan
82%
Venezuelan
82%
Yemeni
82%
Zambian
82%
Afghan
73%
Albanian
73%
Armenian
73%
Azerbaijani / Azeri
73%
Bahraini
73%
Bangladeshi
73%
Belarusian
73%
Bolivian
73%
Bosnian /Herzegovinian
73%
Bulgarian
73%
Burundian
73%
Cameroonian
73%
Chadian
73%
Costa Rican
73%
Czech
73%
Central African
73%
Dominican
73%
Emirati
73%
Eritrean
73%
Estonian
73%
Fijian
73%
Gambian
73%
Georgian
73%
Guinean
73%
Guyanese
73%
Haitian
73%
Honduran
73%
Hungarian
73%
Kazakh
73%
Kosovar / Kosovan
73%
Kuwaiti
73%
Latvian
73%
Lebanese
73%
Lithuanian
73%
Macedonian
73%
Malaysian
73%
Mauritian
73%
Moldovan
73%
Mongolian
73%
Nepalese /Nepali
73%
Pakistani
73%
Polish
73%
Qatari
73%
Romanian
73%
Rwandan
73%
Sri Lankan
73%
Surinamese
73%
Swiss
73%
Syrian
73%
Tajik
73%
Thai
73%
Tunisian
73%
Turkmen
73%
Ugandan
73%
Ukrainian
73%
Uzbek
73%
Vietnamese
73%
Antiguan / Barbudan
64%
Bahamian
64%
Bhutanese
64%
Cambodian
64%
Micronesian
64%
Fillipino
64%
Kyrgyz
64%
Maldivian
64%
Marshallese
64%
Mauritanian
64%
Montenegrin
64%
Myanma /Burmese
64%
Nauruan
64%
Taiwanese
64%
Tongan
64%
Trinidadian /Tobagonian
64%
Tuvaluan
64%
Beninese /Beninois
55%
Comorian
55%
Cypriot
55%
Gabonese / Gabonais
55%
Grenadian
55%
Liberian
55%
Maltese
55%
Ni-Vanuatu /Vanuatuan
55%
Palauan
55%
Panamanian
55%
Salvadoran
55%
Samoan
55%
São Toméan /Santomean
55%
Zimbabwean
55%
Andorran
45%
Ghanaian
45%
I-Kiribati /Gilbertese
45%
Ivorian
45%
Malagasy
45%
Solomon Islander
45%
Togolese
45%
Barbadian /Bajan
36%
Cape Verdean /Cabo Verdean
36%
East Timorese
36%
Laotian
36%
Luxembourger
36%
Saint Lucian
36%
Saint Vincentian
36%
Seychellois
36%
Singaporean
36%
Bruneian
27%
Burkinabe /Burkinese
27%
Equatoguinean
27%
Kittitian /Nevisian
27%
Liechtensteiner
27%
Mozambican
27%
Sierra Leonean
27%
Belizean
18%
Bissau-Guinean
18%
Monégasque
18%
Mosotho /Basotho
18%
MoTswana /BaTswana
18%
Spainish
18%
Liswati /Emaswati
9%
Sanmarinese
9%
Vatican Citizen
9%
No matching quizzes found
Score Distribution
Percent of People with Each Score
Percentile by Number Answered
Your Score History
You have not taken this quiz